Reuse-Based Methodologies and Tools in the Design of Analog and Mixed-Signal Integrated Circuits

Aiming at the core of the problem, Reuse Based Methodologies and Tools in the Design of Analog and Mixed-Signal Integrated Circuits presents a framework for the reuse-based design of AMS circuits. The framework is founded on three key elements: (1) a CAD-supported hierarchical design flow that facil...

Full description

Bibliographic Details
Main Authors: CASTRO-LÓPEZ, R. (Author), FERNÁNDEZ, F.V (Author), GUERRA-VINUESA, O. (Author), RODRÍGUEZ-VÁZQUEZ, Á. (Author)
Corporate Author: SpringerLink (Online service)
Format: Electronic eBook
Language:English
Published: Dordrecht : Springer Netherlands, 2006.
Subjects:
Online Access:Full Text via HEAL-Link
LEADER 03592nam a22005295i 4500
001 978-1-4020-5139-5
003 DE-He213
005 20151204183525.0
007 cr nn 008mamaa
008 100301s2006 ne | s |||| 0|eng d
020 |a 9781402051395  |9 978-1-4020-5139-5 
024 7 |a 10.1007/978-1-4020-5139-5  |2 doi 
040 |d GrThAP 
050 4 |a TK7888.4 
072 7 |a TJFC  |2 bicssc 
072 7 |a TEC008010  |2 bisacsh 
082 0 4 |a 621.3815  |2 23 
100 1 |a CASTRO-LÓPEZ, R.  |e author. 
245 1 0 |a Reuse-Based Methodologies and Tools in the Design of Analog and Mixed-Signal Integrated Circuits  |h [electronic resource] /  |c by R. CASTRO-LÓPEZ, F.V. FERNÁNDEZ, O. GUERRA-VINUESA, Á. RODRÍGUEZ-VÁZQUEZ. 
264 1 |a Dordrecht :  |b Springer Netherlands,  |c 2006. 
300 |a XIV, 390 p.  |b online resource. 
336 |a text  |b txt  |2 rdacontent 
337 |a computer  |b c  |2 rdamedia 
338 |a online resource  |b cr  |2 rdacarrier 
347 |a text file  |b PDF  |2 rda 
505 0 |a A Reuse-based Design Framework for Analog ICs -- The Analog Reusable Block: Behavioral Facet -- The Analog Reusable Block: Structural Facet -- The Analog Reusable Block: Layout Facet -- Design Examples and Silicon Prototype -- Layout-Aware Circuit Sizing. 
520 |a Aiming at the core of the problem, Reuse Based Methodologies and Tools in the Design of Analog and Mixed-Signal Integrated Circuits presents a framework for the reuse-based design of AMS circuits. The framework is founded on three key elements: (1) a CAD-supported hierarchical design flow that facilitates the incorporation of AMS reusable blocks, reduces the overall design time, and expedites the management of increasing AMS design complexity; (2) a complete, clear definition of the AMS reusable block, structured into three separate facets or views: the behavioral, structural, and layout facets, the first two for top-down electrical synthesis and bottom-up verification, the latter used during bottom-up physical synthesis; (3) the design for reusability set of tools, methods, and guidelines that, relying on intensive parameterization as well as on design knowledge capture and encapsulation, allows to produce fully reusable AMS blocks. Reuse Based Methodologies and Tools in the Design of Analog and Mixed-Signal Integrated Circuits features a very detailed, tutorial, and in-depth coverage of all issues and must-have properties of reusable AMS blocks, as well as a thorough description of the methods and tools necessary to implement them. For the first time, this has been done hierarchically, covering one by one the different stages of the design flow, allowing us to examine how the reusable block yields its benefits, both in design time and correct performance. 
650 0 |a Engineering. 
650 0 |a Computer-aided engineering. 
650 0 |a Electrical engineering. 
650 0 |a Electronics. 
650 0 |a Microelectronics. 
650 0 |a Electronic circuits. 
650 1 4 |a Engineering. 
650 2 4 |a Circuits and Systems. 
650 2 4 |a Computer-Aided Engineering (CAD, CAE) and Design. 
650 2 4 |a Electrical Engineering. 
650 2 4 |a Electronics and Microelectronics, Instrumentation. 
700 1 |a FERNÁNDEZ, F.V.  |e author. 
700 1 |a GUERRA-VINUESA, O.  |e author. 
700 1 |a RODRÍGUEZ-VÁZQUEZ, Á.  |e author. 
710 2 |a SpringerLink (Online service) 
773 0 |t Springer eBooks 
776 0 8 |i Printed edition:  |z 9781402051265 
856 4 0 |u http://dx.doi.org/10.1007/978-1-4020-5139-5  |z Full Text via HEAL-Link 
912 |a ZDB-2-ENG 
950 |a Engineering (Springer-11647)